| 000 | 00439 a2200157 4500 | ||
|---|---|---|---|
| 020 | _a0030105676 | ||
| 040 |
_aDLC _bDLC |
||
| 100 | 1 | _aStrang, Gilbert. | |
| 245 | 1 | 0 |
_aLinear algebra and its applications _cGilbert Strang |
| 250 | _a4th ed. | ||
| 260 |
_aBelmont, CA : _bThomson, Brooks/Cole, _cc2006. |
||
| 300 |
_aviii, 487 p. : _bill. ; _c25 cm. |
||
| 500 | _aIncludes index. | ||
| 650 | 0 | _aAlgebras, Linear | |
| 942 |
_cBK _k512.5 STR _2ddc |
||
| 999 |
_c7983 _d7983 |
||